[Event "Challenge"]
[Site "http://www.queenalice.com/game.php?id=53159"]
[Date "2006.2.15"]
[Round "-"]
[White "Cleo_Godoy"]
[Black "paulogil"]
[Result "1-0"]
[WhiteElo "1766"]
[BlackElo "1100"]

1. e4 e5 2. Nf3 d6 3. c3 g6 4. d4 f6 5. Na3 Nc6 6. Bb5 exd4 7. cxd4 Bg4 8. d5 a5
9. dxc6 bxc6 10. Bxc6+ Ke7 11. Bxa8 Qxa8 12. O-O Qxe4 13. Re1 Qxe1+ 14. Qxe1+
Kf7 15. Nd4 Nh6 16. Nc6 Bd7 17. Nd8+ Kg8 18. Bxh6 Bxh6 19. Qe7 Bf8 20. Qf7# 1-0

[Event "Challenge"]
[Site "http://www.queenalice.com/game.php?id=53160"]
[Date "2006.2.15"]
[Round "-"]
[White "paulogil"]
[Black "Cleo_Godoy"]
[Result "0-1"]
[WhiteElo "1025"]
[BlackElo "1715"]

1. g4 e5 2. Nf3 Nc6 3. b3 Qf6 4. c3 d5 5. d3 Bxg4 6. Ng1 Bc5 7. h3 Bxf2+ 8. Kd2
Be6 9. Kc2 e4 10. Rh2 Bxg1 11. Rg2 exd3+ 12. Qxd3 Bf5 13. e4 Bxe4 14. Qxe4+ dxe4
15. Bc4 Bb6 16. Rg4 Qf2+ 17. Bd2 O-O-O 18. Rxe4 Qf5 19. Bd3 Nf6 20. Rd4 Nxd4+
21. cxd4 Qxh3 22. Nc3 Rxd4 23. Be3 Qxe3 24. Rd1 Rhd8 25. Nb5 Rxd3 26. Rxd3 Qxd3+
27. Kb2 Qd2+ 28. Ka3 Bc5+ 29. b4 Qxb4# 0-1

[Event "Challenge"]
[Site "http://www.queenalice.com/game.php?id=55917"]
[Date "2006.3.5"]
[Round "-"]
[White "PlinioRegis"]
[Black "paulogil"]
[Result "1-0"]
[WhiteElo "1425"]
[BlackElo "936"]

1. e3 e5 2. Bd3 d5 3. Nf3 Bd6 4. Nc3 Nh6 5. Nxd5 c6 6. Nc3 f6 7. O-O Na6 8. Bc4
Nf5 9. d4 exd4 10. exd4 Nh6 11. Re1+ Kf8 12. d5 b5 13. Bd3 Nc5 14. Be2 Bf5 15.
Nh4 Be5 16. Be3 Ne6 17. a4 b4 18. Nb1 Bxb2 19. Ra2 Be5 20. c4 g5 21. Nxf5 Nxf5
22. Qb3 cxd5 23. cxd5 h5 24. dxe6 a5 25. Rc2 Nh4 26. Bb5 Qb8 27. Bc5+ Kg7 28. e7
Re8 29. Rd2 Qb7 30. Bxe8 Rxe8 31. Qe6 Ng6 32. Rd7 Kh6 33. Red1 Rc8 34. e8=Q Rxe8
35. Qxe8 g4 36. Bf8+ Kg5 37. Rg7 Qe4 38. Nd2 Qf5 39. f3 gxf3 40. Nxf3+ Kg4 41.
Rxg6+ Kf4 42. Re1 Bd4+ 43. Nxd4 Qd3 44. Bd6# 1-0

[Event "Challenge"]
[Site "http://www.queenalice.com/game.php?id=55918"]
[Date "2006.3.5"]
[Round "-"]
[White "paulogil"]
[Black "PlinioRegis"]
[Result "0-1"]
[WhiteElo "999"]
[BlackElo "1442"]

1. e4 e5 2. Bc4 Bc5 3. Nf3 Nc6 4. d3 d6 5. Bg5 f6 6. Be3 Bb4+ 7. c3 Ba5 8. O-O
Nge7 9. b4 Bb6 10. Qa4 g5 11. h4 gxh4 12. Nxh4 Rg8 13. g3 Bh3 14. Nd2 Rg7 15. d4
f5 16. exf5 Nxf5 17. Kh2 Bxf1 18. Nxf1 exd4 19. cxd4 Nxd4 0-1

[Event "Challenge"]
[Site "http://www.queenalice.com/game.php?id=57521"]
[Date "2006.3.15"]
[Round "-"]
[White "paulogil"]
[Black "CaHeZa"]
[Result "0-1"]
[WhiteElo "1025"]
[BlackElo "1169"]

1. d4 d5 2. Bf4 e6 3. Nc3 Nc6 4. Nf3 Bd6 5. Bg5 Nf6 6. e3 h6 7. Bf4 Bxf4 8. exf4
Ne4 9. Nxe4 dxe4 10. Nd2 Qxd4 11. c3 Qd6 12. b4 Qxf4 13. g3 Qe5 14. Be2 e3 15.
fxe3 Qxe3 16. Nf1 Qxc3+ 17. Nd2 Nxb4 18. O-O Qc5+ 19. Rf2 Bd7 20. Bf1 Bc6 21.
Rc1 Qd5 0-1

[Event "Challenge"]
[Site "http://www.queenalice.com/game.php?id=59119"]
[Date "2006.3.24"]
[Round "-"]
[White "paulogil"]
[Black "davidaniel"]
[Result "0-1"]
[WhiteElo "1100"]
[BlackElo "1274"]

1. d4 e6 2. e4 c6 3. Bd2 Qh4 4. g3 Qxe4+ 5. Be2 Qxh1 6. Kf1 b5 7. c4 d5 8. cxb5
e5 9. dxe5 Bh3+ 10. Ke1 Qxg1+ 11. Bf1 Qxf1# 0-1

[Event "Challenge"]
[Site "http://www.queenalice.com/game.php?id=59409"]
[Date "2006.3.25"]
[Round "-"]
[White "paulogil"]
[Black "pattmenezes"]
[Result "1-0"]
[WhiteElo "965"]
[BlackElo "904"]

1. e4 e5 2. Bc4 Nf6 3. d3 a5 4. Nf3 Bd6 5. O-O O-O 6. a4 c6 7. Nc3 Na6 8. Nh4
Bc5 9. Nf5 b5 10. axb5 d6 11. Qf3 cxb5 12. Bxb5 Nc7 13. Qg3 Bxf5 14. exf5 Rb8
15. Bc4 Rb4 16. b3 h5 17. Rxa5 Rxc4 18. bxc4 g5 19. Qxg5+ Kh8 20. Qh6+ Kg8 21.
Bg5 Re8 22. Ne4 Qb8 23. Nxf6# 1-0

[Event "Challenge"]
[Site "http://www.queenalice.com/game.php?id=59410"]
[Date "2006.3.25"]
[Round "-"]
[White "sibeli"]
[Black "paulogil"]
[Result "1-0"]
[WhiteElo "1314"]
[BlackElo "968"]

1. e4 e5 2. Nf3 Nc6 3. h4 f6 4. g4 b6 5. a4 Nh6 6. Bh3 Ba6 7. d3 Nb4 8. O-O Bc5
9. g5 O-O 10. gxh6 gxh6 11. Bxh6 b5 12. Bxf8 Kxf8 13. axb5 Bxb5 14. Nc3 Bc6 15.
Bf5 d5 16. Bxh7 dxe4 17. dxe4 Qe7 18. Ra5 Bb6 19. Ra3 Qc5 20. Bf5 Be8 21. Kg2
Bh5 22. Rb3 1-0

[Event "Challenge"]
[Site "http://www.queenalice.com/game.php?id=59414"]
[Date "2006.3.25"]
[Round "-"]
[White "paulogil"]
[Black "ManofBlack"]
[Result "0-1"]
[WhiteElo "982"]
[BlackElo "1423"]

1. e4 e5 2. Nf3 f6 3. Bc4 Nh6 4. O-O Nc6 5. b3 Bc5 6. Qe1 Ng4 7. b4 Bd4 8. c3
Bb6 9. h3 h5 10. hxg4 h4 11. d3 h3 12. gxh3 Rxh3 13. Kg2 Rh8 14. g5 Qe7 15. gxf6
gxf6 16. Rg1 Qh7 17. Rh1 Qg6+ 18. Kf1 Rxh1+ 19. Ke2 Rxe1+ 20. Kxe1 Qg2 21. d4
exd4 22. cxd4 Qxf3 23. Nd2 Qh1+ 24. Nf1 Nxd4 0-1

[Event "Challenge"]
[Site "http://www.queenalice.com/game.php?id=60112"]
[Date "2006.3.29"]
[Round "-"]
[White "paulogil"]
[Black "ManofBlack"]
[Result "0-1"]
[WhiteElo "982"]
[BlackElo "1421"]

1. e4 d5 2. d3 e5 3. Nf3 h6 4. Nxe5 Qe7 5. f4 Qh4+ 6. g3 Qe7 7. Nc3 d4 8. Nd5
Qc5 9. c3 Qa5 10. f5 f6 11. Ng6 Rh7 12. Nde7 Nxe7 13. b4 Qb5 14. a4 Qa6 15. cxd4
Nxg6 16. h4 Bxb4+ 17. Bd2 Qa5 0-1

[Event "Challenge"]
[Site "http://www.queenalice.com/game.php?id=60364"]
[Date "2006.3.30"]
[Round "-"]
[White "paulogil"]
[Black "rrduarte"]
[Result "0-1"]
[WhiteElo "959"]
[BlackElo "1298"]

1. e4 e5 2. Nf3 f6 3. d4 Nc6 4. c3 Nh6 5. Nbd2 b6 6. a4 Bd6 7. Nc4 exd4 8. cxd4
Ba6 9. b3 O-O 10. h3 Qe7 11. Ncd2 b5 12. axb5 Bb4 13. Bc4+ Nf7 14. e5 fxe5 15.
dxe5 Nxe5 16. Ba3 Nxc4+ 17. Kf1 Nxa3 18. bxa6 Ne5 19. Qe1 d6 20. h4 Qd7 21. Qe4
Bxd2 22. Nxd2 Qb5+ 23. Kg1 Nd3 24. Rxa3 Nxf2 25. Qe1 Qb6 26. Ra4 Nd3+ 27. Kh2
Nxe1 28. Rxe1 Rae8 29. Nf3 Qb5 30. g3 Rxf3 31. Rf4 Rxb3 32. Rg4 Rxe1 33. Rf4
Qe2+ 34. Kh3 Rh1# 0-1

[Event "Challenge"]
[Site "http://www.queenalice.com/game.php?id=61445"]
[Date "2006.4.5"]
[Round "-"]
[White "paulogil"]
[Black "lsdr"]
[Result "0-1"]
[WhiteElo "982"]
[BlackElo "1232"]

1. e4 e5 2. Nf3 Nc6 3. Nc3 Bc5 4. Bc4 Nf6 5. b3 d6 6. Ng5 Bg4 7. f3 Nxe4 8.
Ncxe4 Bh5 9. c3 f5 10. Ng3 Qxg5 11. d4 exd4 12. cxd4 Bb4+ 13. Bd2 Qe3+ 14. Ne2
Nxd4 15. Bxb4 b5 16. Qxd4 Qg5 0-1

[Event "Challenge"]
[Site "http://www.queenalice.com/game.php?id=78551"]
[Date "2006.6.20"]
[Round "-"]
[White "alisonkarina"]
[Black "paulogil"]
[Result "1-0"]
[WhiteElo "1584"]
[BlackElo "946"]

1. e4 Nf6 2. Nc3 d5 3. f3 e6 4. d4 c6 5. Bf4 Nbd7 6. Bd3 h6 7. exd5 exd5 8. Qe2+
Be7 9. g4 h5 10. g5 Nh7 11. Qe3 b5 12. g6 Nhf6 13. Nh3 Rh6 14. gxf7+ Kxf7 15.
Rg1 Kg8 16. Ng5 Nf8 17. Ne6 Bxe6 18. Bxh6 Ng6 19. Qxe6+ Kh7 20. Qf5 Qe8 21. Qg5
Ng8 22. Bxg6+ Qxg6 23. Qxg6+ Kh8 24. Qxg7# 1-0